Practicing Information Security Management System in E–Commerce

Systém riadenia bezpečnosti informácií nie je v elektronickom obchode veľmi využívaný a tým ponecháva procesy, ohrozené rizikom bezpečnosti informácií. Skúmanie rozdielov v používaní bezpečnostných systémov a ich účinnosti medzi tými podnikmi elektronického obchodu, ktoré posudzujú a tými, ktoré nep...

Descrizione completa

Salvato in:
Dettagli Bibliografici
Autore principale: Korček, František
Altri autori: Bolek, Vladimír, 1988-, Romanová, Anita, 1973-, Richnák, Patrik, 1988-
Natura: Capitolo di libro
Lingua:inglese
Soggetti:
Tags: Aggiungi Tag
Nessun Tag, puoi essere il primo ad aggiungerne!!

MARC

LEADER 00000nla a2200000 4500
001 0247014
005 20240502083659.6
041 0 |a eng 
044 |a CZ 
245 1 0 |a Practicing Information Security Management System in E–Commerce  |c František Korček, Vladimír Bolek, Anita Romanová, Patrik Richnák 
520 |a Systém riadenia bezpečnosti informácií nie je v elektronickom obchode veľmi využívaný a tým ponecháva procesy, ohrozené rizikom bezpečnosti informácií. Skúmanie rozdielov v používaní bezpečnostných systémov a ich účinnosti medzi tými podnikmi elektronického obchodu, ktoré posudzujú a tými, ktoré neposudzujú riziká informačnej bezpečnosti. 
610 2 0 |a obchod elektronický 
610 2 0 |a internet 
610 2 0 |a bezpečnosť 
610 2 0 |a bezpečnosť elektronická 
610 2 0 |a bezpečnosť informačná 
610 2 0 |a systémy bezpečnostné 
610 2 0 |a prostredie podnikateľské 
100 1 |a Korček, František 
700 1 |a Bolek, Vladimír, 1988- 
700 1 |a Romanová, Anita, 1973- 
700 1 |a Richnák, Patrik, 1988-